Eliminación por Categoría - Geografía Europea #2 - Estadísticas

Estadísticas generales
  • Esta prueba ha sido intentada 10.856 veces
  • La puntuación promedio es 15 de 20
Estadísticas de respuestas
Grupo # Categoría % Correcto
Verde 45 Países de Europa
100%
Verde 21 ... con una población de al menos 6M.
98%
Verde 10 ... con una superficie menor a 200.000 km².
92%
Naranja 45 Ciudades capitales de Europa
88%
Azul 45 Países de Europa (por bandera)
87%
Azul 34 ... que tengan el color blanco
87%
Verde 5 ... que no limita con Alemania
85%
Naranja 22 ... con mínimo 7 letras en su nombre
85%
Azul 8 ... que tengan el color verde
85%
Morado 90 Países o capitales de Europa
83%
Azul 4 ... que tenga exactamente ⅓ de verde
82%
Naranja 12 ... que estén al norte de Berna
81%
Morado 16 ... sin la letra A en su nombre
80%
Morado 5 ... con más de 2,5M de personas
69%
Naranja 4 ... contienen la letra T en su nombre
65%
Naranja 1 ... y están en los países nórdicos Estocolmo
60%
Azul 1 ... y que no tenga rojo Irlanda
57%
Verde 1 ... y se encuentra al oeste de Berlín Portugal
57%
Morado 2 ... con máximo 5 letras en su nombre
35%
Morado 1 ... y se encuentra al sur de Londres Kiev
19%
No se encontraron pruebas coincidentes
Distribución de puntuación
Porcentaje de gente con cada puntuación
Porcentaje por número respondido
Historial de tus puntuaciones
No has intentado esta prueba.